| 000 | 00488cam a2200145 4500500 | ||
|---|---|---|---|
| 005 | 20251228082835.0 | ||
| 041 | _afre | ||
| 042 | _adc | ||
| 100 | 1 | 0 |
_aRonzeaud, Pierre _eauthor |
| 245 | 0 | 0 | _aMaintenon ou les eaux au miroir des aqueducs et des canaux |
| 260 | _c2003. | ||
| 500 | _a10 | ||
| 786 | 0 | _nDix-septième siècle | 221 | 4 | 2003-12-01 | p. 695-701 | 0012-4273 | |
| 856 | 4 | 1 | _uhttps://shs.cairn.info/revue-dix-septieme-siecle-2003-4-page-695?lang=fr&redirect-ssocas=7080 |
| 999 |
_c1599870 _d1599870 |
||